Гидравлика: атлас; Гидравлика

Xehetasun bibliografikoak
Egile nagusia: Астров А. И.
Gaia:Текст в русской дореформенной орфографии
Hizkuntza:errusiera
Argitaratua: Москва, Типо-литография Венер, 1902
Gaiak:
Formatua: Liburua
KOHA link:https://koha.lib.tpu.ru/cgi-bin/koha/opac-detail.pl?biblionumber=317356

MARC

LEADER 00000nam0a2200000 4500
001 317356
005 20231102002951.0
035 |a (RuTPU)RU\TPU\book\342824 
035 |a RU\TPU\book\342823 
090 |a 317356 
100 |a 20160407d1902 m y0rusy50 ca 
101 0 |a rus 
102 |a RU 
105 |a a j 000zy 
200 1 |a Гидравлика  |e атлас  |f А. И. Астров 
210 |a Москва  |c Типо-литография Венер  |d 1902 
215 |a 15 таблиц 
300 |a Текст в русской дореформенной орфографии 
422 1 |0 (RuTPU)RU\TPU\book\342823  |t Гидравлика  |o лекции, читанные на 3 курсе механического отделения училища в 1902-1903 академическом году  |o с отдельным атласом чертежей  |f А. И. Астров  |c Москва  |n Типо-литография Венер  |d 1902  |p 470 с.  |a Астров, А. И. 
606 1 |a Гидравлика  |2 stltpush  |3 (RuTPU)RU\TPU\subj\6462  |9 34344 
610 1 |a атласы 
610 1 |a таблицы 
610 1 |a схемы 
610 1 |a чертежи 
675 |a 532  |v 3 
700 1 |a Астров  |b А. И. 
801 1 |a RU  |b 63413507  |c 20160407 
801 2 |a RU  |b 63413507  |c 20200925  |g RCR 
942 |c BK